Prakritik chikitsa: Ek samagr upachar paddhati (Record no. 5644)
[ view plain ]
| 000 -LEADER | |
|---|---|
| fixed length control field | 00518nam a2200181Ia 4500 |
| 008 - FIXED-LENGTH DATA ELEMENTS--GENERAL INFORMATION | |
| fixed length control field | 230917s9999||||xx |||||||||||||| ||und|| |
| 020 ## - ISBN | |
| Price | RS 150.00 |
| 040 ## - CATALOGING SOURCE | |
| -- | 5011712 |
| Original cataloging agency | VIVEKANANDA LIBRARY |
| 041 ## - Language | |
| -- | English |
| 082 ## - DDC NUMBER | |
| Classification number | 615.535 K124P(2) |
| 100 ## - MAIN ENTRY--PERSONAL NAME | |
| Personal name | Kala, Sarsvati |
| 245 #0 - TITLE STATEMENT | |
| Title | Prakritik chikitsa: Ek samagr upachar paddhati |
| 250 ## - EDITION STATEMENT | |
| Edition statement | 2nd ed. |
| 260 ## - PUBLICATION, DISTRIBUTION, ETC. (IMPRINT) | |
| Place of publication, distribution, etc | New Delhi |
| Name of publisher, distributor, etc | Kitab Mahal Publishers |
| Date of publication, distribution, etc | 2020 |
| 300 ## - PHYSICAL DESCRIPTION | |
| Pages | x, 126 p. |
| 500 ## - GENERAL NOTE | |
| General note | 4561 12/03/2022 IBS22/00169 13/11/2021 Centre for Yogic Studies |
| 942 ## - ADDED ENTRY ELEMENTS (KOHA) | |
| Koha item type | Books |
| Withdrawn status | Lost status | Damaged status | Not for loan | Location (home branch) | Sublocation or collection (holding branch) | Date acquired | Koha issues (times borrowed) | Koha full call number | Accession No. | Koha date last seen | Koha item type | Source of classification or shelving scheme | Shelving location |
|---|---|---|---|---|---|---|---|---|---|---|---|---|---|
| VIVEKANANDA LIBRARY | VIVEKANANDA LIBRARY | 15/11/2021 | 1 | 615.535 K124P(2) | 393392 | 20/11/2023 | Books | ||||||
| VIVEKANANDA LIBRARY | VIVEKANANDA LIBRARY | 15/11/2021 | 615.535 K124P(2) | 397572 | 17/09/2023 | Books | |||||||
| VIVEKANANDA LIBRARY | VIVEKANANDA LIBRARY | 15/11/2021 | 615.535 K124P(2) | 397573 | 17/09/2023 | Books | |||||||
| VIVEKANANDA LIBRARY | VIVEKANANDA LIBRARY | 15/11/2021 | 615.535 K124P(2) | 397574 | 17/09/2023 | Books | |||||||
| VIVEKANANDA LIBRARY | VIVEKANANDA LIBRARY | 15/11/2021 | 615.535 K124P(2) | 397575 | 17/09/2023 | Books | |||||||
| VIVEKANANDA LIBRARY | VIVEKANANDA LIBRARY | 15/11/2021 | 2 | 615.535 K124P(2) | 405454 | 16/12/2023 | Books | ||||||
| VIVEKANANDA LIBRARY | VIVEKANANDA LIBRARY | 15/11/2021 | 2 | 615.535 K124P(2) | 405455 | 06/01/2024 | Books | ||||||
| VIVEKANANDA LIBRARY | VIVEKANANDA LIBRARY | 15/11/2021 | 1 | 615.535 K124P(2) | 405456 | 19/12/2023 | Books | ||||||
| VIVEKANANDA LIBRARY | VIVEKANANDA LIBRARY | 15/11/2021 | 615.535 K124P(2) | 405457 | 17/09/2023 | Books | |||||||
| VIVEKANANDA LIBRARY | VIVEKANANDA LIBRARY | 15/11/2021 | 615.535 K124P(2) | 405458 | 17/09/2023 | Books | |||||||
| VIVEKANANDA LIBRARY | VIVEKANANDA LIBRARY | 28/01/2026 | 615.535 K124P(2) | 444874 | 28/01/2026 | Books | Dewey Decimal Classification | Vivekananda Library | |||||
| VIVEKANANDA LIBRARY | VIVEKANANDA LIBRARY | 28/01/2026 | 615.535 K124P(2) | 444875 | 28/01/2026 | Books | Dewey Decimal Classification | Vivekananda Library |
